Les régions du Bélarus - Statistiques

Statistiques générales
  • Ce quiz a été pris 93 fois
  • Le résultat moyen est 4 sur 7
Réponses sur la Carte
Les réponses sont colorées sur une échelle allant du rouge au vert en fonction du pourcentage des utilisateurs qui les ont devinées à leur premier essai. Vous pouvez retrouver ces pourcentages ci-dessous.
 
Statistiques - réponses
Réponse % Correct
Ville de Minsk
96%
Voblast de Minsk
96%
Voblast de Brest
76%
Voblast de Vitebsk
48%
Voblast de Hrodna
32%
Voblast de Mahiliow
28%
Voblast de Homiel
26%
Aucun quiz correspondant
Distribution des résultats
% des personnes avec chaque résultat
Percentile par nombre de réponses
Votre historique - résultats
Vous n’avez pas pris ce quiz